• 首页
  • 本馆介绍
  • 公告通知
  • 最新文献
  • 馆藏检索
  • 电子资源
  • 读者导购
  • 参考咨询
  • 我的图书馆
  • 登录
  • 详细信息显示
  • 放入我的书架
  • 预约/预借图书
  • 作者相关作品
  • 分类相关作品
  • 丛书相关作品
  • 出版社相关作品

书目信息

  • 表格格式
  • 工作单格式
  • 卡片格式
题名:
外国电影歌曲选
    
 
作者: 方殿 编
分册: 一  
出版信息: 石家庄   河北人民出版社  1980
页数: 68页
开本: 14cm
丛书名:
单 册:
中图分类: J652.4
科图分类:
主题词: 电影歌曲--外国--选集
电子资源:
ISBN:
000 00664nam0 2200241 45
001 0180000893
005 20040510091225.9
010    @dCNY0.12
091    @a8078.3513
100    @a19950413d1980 em y0chiy0121 ea
101 1  @achi@cjpn
102    @aCN@b130000
105    @ag z 000yy
106    @ar
200 10 @a外国电影歌曲选@h一@Awai guo dian ying ge qu xuan@f方殿编@FFang Dian Bian
210    @a石家庄@c河北人民出版社@d1980
215    @a68页@d14cm
606    @a电影歌曲@y外国@x选集
690    @aJ652.4@v3
701  0 @a方殿@4编
801  0 @aCN@b上海图书馆@c20040510
801  2 @aCN@bNLC@c20040510
905    @f1@b33562@dJ652.4@e18:1@b33554@f1@f1@b33558
    
    外国电影歌曲选.一/方殿编.-石家庄:河北人民出版社,1980
    68页;14cm
    
    
    ISBN :CNY0.12
    
●
相关链接 在E读中查询图书 在五车中查询图书 在当当中查询图书 在豆瓣中查询图书


正题名:外国电影歌曲选     索取号:J652.4/18:1         预约/预借

序号 登录号 条形码 馆藏地/架位号 状态 备注
1 0033554   001226122   第一借阅区/ [索取号:J652.4/18:1] 在馆    
2 0033558   001226104   密集书库/ [索取号:J652.4/18:1] 在馆    
3 0033562   001226113   第一样本阅览室/ [索取号:J652.4/18:1] 在馆    
唐山师范学院图书馆 欢迎您!
大连网信软件有限公司© 版权所有